Air power history

Bibliographic Details
Previous Title:Aerospace historian
Corporate Author: Air Force Historical Foundation
Format: Unknown
Language:English
Published: Washington, D.C. : Air Force Historical Foundation
Subjects:
Online Access:Acceso restringido

MARC

LEADER 00000ny a22000003n 4500
005 20110511131839.0
008 091202s us 000 eng d
022 |a 1044-016X 
035 |a 2992 
040 |a UCA  |d vLex 
090 |c 1673  |d 1673 
245 3 0 |a Air power history  |h [Recurso electrn̤ico] 
256 |a Servicio en ln̕ea 
260 |a Washington, D.C. :  |b Air Force Historical Foundation 
310 |a Trimestral 
506 1 |a Contenido solo disponible en los productos indicados  |d vLex Global  |d vLex Global (Academic Edition, excluding Law Schools)  |d vLex Global (Academic Edition, Law Schools) 
550 |a Official journal of: Air Force Historical Foundation 
650 0 4 |a Aeronùtica militar  |z Estados Unidos  |x Publicaciones perid̤icas 
650 0 4 |a Fuerzas ařeas  |z Estados Unidos  |x Publicaciones perid̤icas 
710 2 |a Air Force Historical Foundation 
740 0 |a vLex Revista (Servicios en ln̕ea) 
780 0 0 |t Aerospace historian  |x 0001-9364 
843 |a Electrn̤ica. Abierta 
853 |8 1  |i (year)  |j (month)  |k (day) 
856 4 0 |z Acceso restringido  |u http://vlex.com/account/login_ip?fuente_id=2992  
942 |c REV 
999 0 0 |a èronautique militaire  |z Etats-Unis  |v Pèriodiques. 
999 0 0 |a Aeronautics, Military  |z United States  |v Periodicals. 
999 0 0 |a Air power  |v Periodicals. 
999 0 0 |a Forces aeriennes  |v Pãaeriodiques. 
999 0 0 |a Etats-Unis.  |b Air Force  |v Pãaeriodiques. 
999 0 0 |a United States.  |b Air Force  |v Periodicals.